Statystyki dla Państwa na literę E

Kliknij tutaj aby rozwiązać quiz!

Ogólne statystyki

  • Ten quiz został rozwiązany 55 razy
  • Średni wynik to 5 z 6

Statystyki odpowiedzi

HintOdpowiedź% Poprawnych
EuropaEstonia
98%
Ameryka PołudniowaEkwador
94%
AfrykaEgipt
92%
AfrykaEtiopia
90%
AfrykaErytrea
88%
AfrykaEswatini
81%

Rozkład punktacji

Percentyl według liczby udzielonych odpowiedzi

Procent ludzi z każdym wynikiem

Twoja historia wyników

Nie rozwiązałeś tego quizu